[Event "BI-2015-P-0000"]
[Site "LSS email"]
[Date "2015.04.16"]
[Round "?"]
[White "Vasquez, Gerardo"]
[Black "Blittkowsky, Ralf"]
[Result "1/2-1/2"]
[WhiteElo "2086"]
[BlackElo "2121"]
[PlyCount "64"]
[EventDate "2015.04.22"]
[EventType "tourn (corr)"]
[EventRounds "10"]
[EventCountry "GER"]
[SourceTitle "Corr 2022"]
[Source "ChessBase"]
[SourceDate "2021.10.24"]
[SourceVersion "1"]
[SourceVersionDate "2021.10.24"]
[SourceQuality "1"]

1. e4 Nf6 2. e5 Nd5 3. d4 Nb6 4. Nf3 d5 5. a4 Bg4 6. a5 N6d7 7. c4 dxc4 8. h3 Bxf3 9. Qxf3 Nc6 10. Be3 e6 11. Nc3 Nb4 12. Qe4 Be7 13. Bxc4 c6 14. 0-0 0-0 15. Bb3 b6 16. Ba4 bxa5 17. Bxc6 Nxc6 18. Qxc6 Bb4 19. Rfc1 Nb6 20. Qf3 Rc8 21. Qg4 Kh8 22. Qe2 Bxc3 23. Rxc3 a4 24. Rac1 Qd7 25. Qa6 h6 26. Rc5 Rfd8 27. Kh2 Kh7 28. Qa5 Rf8 29. R1c2 Rfd8 30. Qa6 Kg8 31. Rc1 Kh7 32. Kh1 Kg8 1/2-1/2

[Event "BI-2015-P-0000"]
[Site "LSS email"]
[Date "2015.04.16"]
[Round "?"]
[White "Vasquez, Gerardo"]
[Black "Neumann, Otto"]
[Result "1-0"]
[WhiteElo "2086"]
[BlackElo "745"]
[PlyCount "33"]
[EventDate "2015.04.22"]
[EventType "tourn (corr)"]
[EventRounds "10"]
[EventCountry "GER"]
[SourceTitle "Corr 2022"]
[Source "ChessBase"]
[SourceDate "2021.10.24"]
[SourceVersion "1"]
[SourceVersionDate "2021.10.24"]
[SourceQuality "1"]

1. e4 c6 2. Nc3 d5 3. Nf3 dxe4 4. Nxe4 Bg4 5. h3 Bh5 6. Ng3 Bg6 7. h4 h6 8. Ne5 Bh7 9. Qh5 g6 10. Qf3 Nf6 11. Qb3 Nd5 12. Qxb7 Nb6 13. h5 N8d7 14. Nxc6 Qc8 15. Ba6 Bg7 16. f4 0-0 17. Nxe7+ 1-0

[Event "BI-2015-P-0000"]
[Site "LSS email"]
[Date "2015.04.16"]
[Round "?"]
[White "Vasquez, Gerardo"]
[Black "Voet, Nils"]
[Result "1-0"]
[WhiteElo "2086"]
[BlackElo "1600"]
[PlyCount "23"]
[EventDate "2015.04.22"]
[EventType "tourn (corr)"]
[EventRounds "10"]
[EventCountry "GER"]
[SourceTitle "Corr 2022"]
[Source "ChessBase"]
[SourceDate "2021.10.24"]
[SourceVersion "1"]
[SourceVersionDate "2021.10.24"]
[SourceQuality "1"]

1. e4 e5 2. Nf3 Nc6 3. Bb5 a6 4. Ba4 Nf6 5. 0-0 Be7 6. Re1 b5 7. Bb3 d6 8. c3 0-0 9. h3 Na5 10. Bc2 c5 11. d3 Nd7 12. Nbd2 1-0

[Event "SA-2014-0-00435"]
[Site "LSS email"]
[Date "2014.10.05"]
[Round "?"]
[White "Peraza Balleste, Orlando"]
[Black "Vasquez, Gerardo"]
[Result "0-1"]
[WhiteElo "2000"]
[BlackElo "2091"]
[PlyCount "20"]
[EventDate "2014.09.12"]
[EventType "tourn (corr)"]
[EventRounds "6"]
[EventCountry "GER"]
[SourceTitle "Corr 2022"]
[Source "ChessBase"]
[SourceDate "2021.10.24"]
[SourceVersion "1"]
[SourceVersionDate "2021.10.24"]
[SourceQuality "1"]

1. d4 e6 2. c4 d5 3. Nc3 Nf6 4. Nf3 Be7 5. Bf4 dxc4 6. e3 Nd5 7. Be5 f6 8. Bg3 Nxc3 9. bxc3 b5 10. a4 c6 0-1

[Event "SA-2014-0-00435"]
[Site "LSS email"]
[Date "2014.10.05"]
[Round "?"]
[White "Vasquez, Gerardo"]
[Black "Sorcinelli, Andrea"]
[Result "0-1"]
[WhiteElo "2091"]
[BlackElo "2187"]
[PlyCount "68"]
[EventDate "2014.09.12"]
[EventType "tourn (corr)"]
[EventRounds "6"]
[EventCountry "GER"]
[SourceTitle "Corr 2022"]
[Source "ChessBase"]
[SourceDate "2021.10.24"]
[SourceVersion "1"]
[SourceVersionDate "2021.10.24"]
[SourceQuality "1"]

1. e4 c5 2. Nf3 d6 3. d4 cxd4 4. Qxd4 a6 5. Be2 Nc6 6. Qd3 g6 7. 0-0 Bg7 8. Nc3 Nf6 9. Nd4 Nxd4 10. Qxd4 0-0 11. Re1 Be6 12. Qb4 Qc7 13. a4 Nd7 14. a5 Rfc8 15. Bg5 Bxc3 16. bxc3 f6 17. Bd2 Ne5 18. Bf1 Nc4 19. Bf4 Rab8 20. h3 g5 21. Be3 Nxe3 22. Rxe3 Qc5 23. Qa4 Qe5 24. Qb4 h5 25. Rb1 Kf7 26. Qb6 h4 27. Qb4 Rc6 28. Be2 Kf8 29. c4 Rbc8 30. Qxb7 Qxa5 31. c5 Qxc5 32. Bxa6 Qxc2 33. Rbe1 Qd2 34. R3e2 Qa5 0-1

[Event "SB-2014-0-00381"]
[Site "LSS email"]
[Date "2014.09.02"]
[Round "?"]
[White "Vasquez, Gerardo"]
[Black "Seiler, Peter"]
[Result "1/2-1/2"]
[WhiteElo "2087"]
[BlackElo "1884"]
[PlyCount "72"]
[EventDate "2014.08.14"]
[EventType "tourn (corr)"]
[EventRounds "6"]
[EventCountry "GER"]
[SourceTitle "Corr 2022"]
[Source "ChessBase"]
[SourceDate "2021.10.24"]
[SourceVersion "1"]
[SourceVersionDate "2021.10.24"]
[SourceQuality "1"]

1. e4 c6 2. Nc3 d5 3. d4 dxe4 4. Nxe4 Bf5 5. Ng3 Bg6 6. Nf3 Nd7 7. Bd3 Ngf6 8. 0-0 e6 9. Bxg6 hxg6 10. Bf4 Qb6 11. Qe2 c5 12. Rad1 cxd4 13. Nxd4 Bc5 14. c3 0-0 15. Nb3 Be7 16. Ne4 Rfd8 17. Ng5 Nf8 18. h4 Nd5 19. Bd2 a5 20. c4 Nb4 21. Be3 Qc7 22. a3 Nc6 23. a4 Rac8 24. c5 Rd7 25. Nf3 Rcd8 26. Rxd7 Nxd7 27. g3 Nde5 28. Nxe5 Qxe5 29. Qb5 Qe4 30. Qxb7 Rb8 31. Nd2 Rxb7 32. Nxe4 Rxb2 33. Nd6 Rb4 34. Ra1 Kf8 35. Nc8 Ke8 36. Nb6 Bf6 1/2-1/2

[Event "SA-2014-0-00419"]
[Site "LSS email"]
[Date "2014.07.25"]
[Round "?"]
[White "Corti, Horacio"]
[Black "Vasquez, Gerardo"]
[Result "1-0"]
[WhiteElo "2305"]
[BlackElo "2102"]
[PlyCount "57"]
[EventDate "2014.07.07"]
[EventType "tourn (corr)"]
[EventRounds "6"]
[EventCountry "GER"]
[SourceTitle "Corr 2022"]
[Source "ChessBase"]
[SourceDate "2021.10.24"]
[SourceVersion "1"]
[SourceVersionDate "2021.10.24"]
[SourceQuality "1"]

1. d4 Nf6 2. c4 c5 3. d5 e6 4. Nc3 exd5 5. cxd5 d6 6. e4 Be7 7. Be2 a6 8. a4 0-0 9. Nf3 Re8 10. Nd2 Nbd7 11. 0-0 b6 12. Qc2 Bf8 13. b3 g6 14. f4 Bb7 15. Bb2 Qc7 16. Nc4 Rab8 17. g4 h6 18. Bf3 Ba8 19. h4 b5 20. axb5 axb5 21. Nxb5 Rxb5 22. g5 hxg5 23. hxg5 Nh7 24. Qc3 f6 25. Bg4 Rbb8 26. Qh3 Rxe4 27. Be6+ Rxe6 28. Qxe6+ Kg7 29. Rf2 1-0

[Event "SA-2014-0-00419"]
[Site "LSS email"]
[Date "2014.07.25"]
[Round "?"]
[White "Vasquez, Gerardo"]
[Black "Egorov, Vladimir Al"]
[Result "1/2-1/2"]
[WhiteElo "2102"]
[BlackElo "2327"]
[PlyCount "49"]
[EventDate "2014.07.07"]
[EventType "tourn (corr)"]
[EventRounds "6"]
[EventCountry "GER"]
[SourceTitle "Corr 2022"]
[Source "ChessBase"]
[SourceDate "2021.10.24"]
[SourceVersion "1"]
[SourceVersionDate "2021.10.24"]
[SourceQuality "1"]

1. e4 c6 2. Nc3 d5 3. d4 dxe4 4. Nxe4 Bf5 5. Ng3 Bg6 6. Nf3 Nd7 7. Bd3 e6 8. Bf4 Ne7 9. 0-0 Nd5 10. Bg5 Be7 11. Bxe7 Nxe7 12. Bxg6 Nxg6 13. c3 Nf6 14. Re1 0-0 15. Ne4 Nxe4 16. Rxe4 Qc7 17. h4 h6 18. h5 Ne7 19. Ne5 Rad8 20. Qe2 c5 21. dxc5 Qxc5 22. Rd1 Rxd1+ 23. Qxd1 Qc7 24. Qd3 Rd8 25. Rd4 1/2-1/2

[Event "SA-2014-0-00419"]
[Site "LSS email"]
[Date "2014.07.24"]
[Round "?"]
[White "Vasquez, Gerardo"]
[Black "Bulgarini Torre, Marco"]
[Result "0-1"]
[WhiteElo "2102"]
[BlackElo "2135"]
[PlyCount "108"]
[EventDate "2014.07.07"]
[EventType "tourn (corr)"]
[EventRounds "6"]
[EventCountry "GER"]
[SourceTitle "Corr 2022"]
[Source "ChessBase"]
[SourceDate "2021.10.24"]
[SourceVersion "1"]
[SourceVersionDate "2021.10.24"]
[SourceQuality "1"]

1. e4 c5 2. Nc3 Nc6 3. Nf3 e6 4. d4 cxd4 5. Nxd4 a6 6. Bf4 d6 7. Nxc6 bxc6 8. Qd2 Be7 9. e5 d5 10. Bd3 Rb8 11. Rb1 g5 12. Bg3 Nh6 13. 0-0 c5 14. b3 c4 15. bxc4 Rxb1 16. Nxb1 dxc4 17. Bxc4 Nf5 18. Be2 h5 19. h3 Nxg3 20. fxg3 Qc7 21. Qc3 Qxc3 22. Nxc3 Bc5+ 23. Kh2 Bd4 24. Ne4 Bxe5 25. Nxg5 h4 26. Nxf7 Bxg3+ 27. Kg1 Rg8 28. Nh6 Rg5 29. Ng4 Ra5 30. Bc4 Ke7 31. Bb3 Rb5 32. Nf6 Re5 33. Bc4 Bb7 34. Ng4 Ra5 35. Bb3 Rc5 36. Rd1 a5 37. Rd2 Rb5 38. Rd4 Bc6 39. a4 Rb8 40. Nf2 Rf8 41. Ng4 Bc7 42. Rd1 e5 43. Re1 e4 44. Rd1 Bb6+ 45. Kh1 Rd8 46. Re1 Kd6 47. c3 Rf8 48. Bc2 Kc7 49. Bb3 Bc5 50. Bc2 Rb8 51. Ne5 Ba8 52. Rb1 Re8 53. Ng4 e3 54. Re1 e2 0-1

[Event "SB-2013-0-00305"]
[Site "LSS email"]
[Date "2013.05.14"]
[Round "?"]
[White "Vasquez, Gerardo"]
[Black "Herzog, Klaus"]
[Result "1/2-1/2"]
[WhiteElo "1967"]
[BlackElo "1816"]
[PlyCount "36"]
[EventDate "2013.04.16"]
[EventType "tourn (corr)"]
[EventRounds "6"]
[EventCountry "GER"]
[SourceTitle "Telechess CBM 167"]
[Source "ChessBase"]
[SourceDate "2015.07.13"]
[SourceVersion "1"]
[SourceVersionDate "2015.07.13"]
[SourceQuality "1"]

1. e4 e5 2. Nf3 Nc6 3. Bb5 a6 4. Bxc6 dxc6 5. 0-0 Qf6 6. d4 exd4 7. Bg5 Qd6 8. Nxd4 Be7 9. Bxe7 Nxe7 10. Nc3 Bd7 11. Nce2 0-0-0 12. Nb3 f5 13. Qxd6 cxd6 14. Nd2 Kc7 15. f3 fxe4 16. Nxe4 Nd5 17. N2g3 Rhe8 18. Kf2 Re5 1/2-1/2

[Event "SB-2013-0-00305"]
[Site "LSS email"]
[Date "2013.05.14"]
[Round "?"]
[White "Vasquez, Gerardo"]
[Black "Huerga, Aser"]
[Result "0-1"]
[WhiteElo "1967"]
[BlackElo "2181"]
[PlyCount "92"]
[EventDate "2013.04.16"]
[EventType "tourn (corr)"]
[EventRounds "6"]
[EventCountry "GER"]
[SourceTitle "Telechess CBM 167"]
[Source "ChessBase"]
[SourceDate "2015.07.13"]
[SourceVersion "1"]
[SourceVersionDate "2015.07.13"]
[SourceQuality "1"]

1. e4 c5 2. Nc3 d6 3. Nf3 a6 4. d4 cxd4 5. Nxd4 Nf6 6. Be2 e5 7. Nb3 Be7 8. Qd3 0-0 9. 0-0 Be6 10. Nd5 Nxd5 11. exd5 Bc8 12. Be3 Nd7 13. Rac1 a5 14. Rcd1 b5 15. a3 f5 16. f4 a4 17. Nc1 exf4 18. Rxf4 Ne5 19. Qd2 Bd7 20. Rff1 Rc8 21. Na2 Bf6 22. Nb4 Nc4 23. Bxc4 Rxc4 24. c3 Re4 25. Rde1 Rfe8 26. Bf2 Bg5 27. Qd3 Qc8 28. h3 Qc4 29. Rxe4 Rxe4 30. Bd4 Qxd3 31. Nxd3 Kf7 32. Nb4 h5 33. Bb6 h4 34. Nd3 Be3+ 35. Bxe3 Rxe3 36. Rd1 g5 37. Kf2 Re4 38. Nb4 Kg6 39. Nc6 g4 40. Nd4 g3+ 41. Kf1 Be8 42. Rd3 Kf6 43. Rd2 f4 44. Rd1 Bh5 45. Rd3 Re3 46. Rxe3 fxe3 0-1

[Event "SB-2013-0-00297"]
[Site "LSS email"]
[Date "2013.03.27"]
[Round "?"]
[White "Vasquez, Gerardo"]
[Black "Hatsek, Werner"]
[Result "1-0"]
[WhiteElo "1968"]
[BlackElo "1925"]
[PlyCount "113"]
[EventDate "2013.03.03"]
[EventType "tourn (corr)"]
[EventRounds "6"]
[EventCountry "GER"]
[SourceTitle "Telechess CBM 167"]
[Source "ChessBase"]
[SourceDate "2015.07.13"]
[SourceVersion "1"]
[SourceVersionDate "2015.07.13"]
[SourceQuality "1"]

1. e4 e5 2. Nf3 Nc6 3. Bb5 a6 4. Ba4 Nf6 5. 0-0 d6 6. Bxc6+ bxc6 7. Re1 Be7 8. d4 exd4 9. Nxd4 Bd7 10. c4 0-0 11. Nc3 Re8 12. h3 c5 13. Nf3 Qc8 14. Bg5 h6 15. Bh4 Be6 16. e5 dxe5 17. Nxe5 Qb7 18. b3 Rad8 19. Qc2 Bc8 20. Rad1 Rd4 21. Nf3 Rxd1 22. Qxd1 Qb6 23. Ne5 Qd6 24. Qxd6 Bxd6 25. Bxf6 gxf6 26. Nd3 Rxe1+ 27. Nxe1 f5 28. Nd3 Bd7 29. Nd5 Bc6 30. f3 Kg7 31. Kf2 f6 32. Ke3 Kg6 33. N3f4+ Kf7 34. h4 Bd7 35. h5 Be5 36. Ng6 c6 37. Ndf4 Bd4+ 38. Kd2 a5 39. Ne2 Ke6 40. Ng3 Be8 41. Ke2 Bg1 42. f4 Bh2 43. Nf1 Bg1 44. Kf3 Bd4 45. Ng3 Bc3 46. Ke2 Bd4 47. Nh4 Bf7 48. Kd3 Bf2 49. Nhxf5 Bxg3 50. Nxg3 f5 51. Kc3 Kf6 52. Kb2 a4 53. bxa4 Be6 54. Kc3 Ke7 55. a5 Kd7 56. Nf1 Kd6 57. a3 1-0

[Event "SB-2013-0-00292"]
[Site "LSS email"]
[Date "2013.02.24"]
[Round "?"]
[White "Eshuis, Johannes"]
[Black "Vasquez, Gerardo"]
[Result "1/2-1/2"]
[WhiteElo "1857"]
[BlackElo "1954"]
[PlyCount "55"]
[EventDate "2013.02.09"]
[EventType "tourn (corr)"]
[EventRounds "6"]
[EventCountry "GER"]
[SourceTitle "Corr 2015"]
[Source "ChessBase"]
[SourceDate "2015.07.17"]
[SourceVersion "1"]
[SourceVersionDate "2015.07.17"]
[SourceQuality "1"]

1. e4 e5 2. f4 exf4 3. Nf3 Be7 4. Bc4 Nf6 5. e5 Ng4 6. d4 Bh4+ 7. Kf1 Ne3+ 8. Bxe3 fxe3 9. Qd3 0-0 10. Nc3 d6 11. Qxe3 Be7 12. Rd1 Nd7 13. Kf2 dxe5 14. Rhe1 Bb4 15. Kf1 Nb6 16. Bb3 Bg4 17. a3 Ba5 18. dxe5 Qe7 19. h3 Bxf3 20. Qxf3 c5 21. Re4 Bxc3 22. Qxc3 Rac8 23. Ba2 c4 24. Rd6 Rfe8 25. Qd2 Rcd8 26. Rf4 Rc8 27. Re4 Rcd8 28. Rf4 1/2-1/2

[Event "SB-2013-0-00292"]
[Site "LSS email"]
[Date "2013.02.24"]
[Round "?"]
[White "Vasquez, Gerardo"]
[Black "Herzog, Klaus"]
[Result "1/2-1/2"]
[WhiteElo "1954"]
[BlackElo "1757"]
[PlyCount "30"]
[EventDate "2013.02.09"]
[EventType "tourn (corr)"]
[EventRounds "6"]
[EventCountry "GER"]
[SourceTitle "Corr 2015"]
[Source "ChessBase"]
[SourceDate "2015.07.17"]
[SourceVersion "1"]
[SourceVersionDate "2015.07.17"]
[SourceQuality "1"]

1. e4 e5 2. Nf3 Nc6 3. Bb5 a6 4. Ba4 Nf6 5. 0-0 Be7 6. Nc3 b5 7. Bb3 d6 8. Nd5 Na5 9. Nxe7 Qxe7 10. d3 c5 11. Bg5 Nxb3 12. axb3 0-0 13. Qd2 h6 14. Bh4 Qe6 15. Bxf6 Qxf6 1/2-1/2

[Event "SB-2013-0-00283"]
[Site "LSS email"]
[Date "2013.01.30"]
[Round "?"]
[White "Hatsek, Werner"]
[Black "Vasquez, Gerardo"]
[Result "1-0"]
[WhiteElo "1938"]
[BlackElo "1963"]
[PlyCount "46"]
[EventDate "2013.01.16"]
[EventType "tourn (corr)"]
[EventRounds "6"]
[EventCountry "GER"]
[SourceTitle "Telechess CBM 161"]
[Source "ChessBase"]
[SourceDate "2014.07.16"]
[SourceVersion "1"]
[SourceVersionDate "2014.07.16"]
[SourceQuality "1"]

1. c4 e5 2. Nc3 Nc6 3. Nf3 Nf6 4. e4 Bb4 5. d3 d6 6. Be2 0-0 7. 0-0 Bc5 8. h3 Nd4 9. Nxd4 Bxd4 10. Be3 c6 11. Qd2 Be6 12. Bf3 Nd7 13. Ne2 Bxe3 14. Qxe3 a6 15. Ng3 g6 16. Ne2 Qh4 17. Rfc1 f5 18. Rc2 Rf7 19. Rd1 f4 20. Qd2 Rg7 21. Qb4 g5 22. Qxb7 Rf8 23. Kf1 a5 1-0

[Event "SB-2012-0-00275"]
[Site "LSS email"]
[Date "2012.12.23"]
[Round "?"]
[White "Hammerschmidt, Volker"]
[Black "Vasquez, Gerardo"]
[Result "0-1"]
[WhiteElo "1877"]
[BlackElo "1983"]
[PlyCount "92"]
[EventDate "2012.12.06"]
[EventType "tourn (corr)"]
[EventRounds "6"]
[EventCountry "GER"]
[SourceTitle "Telechess CBM 159"]
[Source "ChessBase"]
[SourceDate "2014.03.17"]
[SourceVersion "1"]
[SourceVersionDate "2014.03.17"]
[SourceQuality "1"]

1. e4 e5 2. Nf3 Nc6 3. d4 exd4 4. Nxd4 Nf6 5. Nc3 Bc5 6. Be3 Bb6 7. g3 0-0 8. Bg2 d6 9. Nxc6 bxc6 10. Qd2 Ba5 11. 0-0-0 Bb7 12. Rhe1 Ng4 13. f4 Nxe3 14. Rxe3 Re8 15. a3 Bc8 16. Kb1 Bb6 17. Ree1 Bg4 18. Ne2 Qc8 19. e5 Rb8 20. h3 Bxh3 21. Bxc6 Rd8 22. Nc3 Bc5 23. Qd3 dxe5 24. Qxd8+ Qxd8 25. Rxd8+ Rxd8 26. Rxe5 Bd4 27. Re2 g6 28. Rd2 Rd6 29. Nd5 Bg7 30. Kc1 Kf8 31. Ba8 h5 32. c3 Bh6 33. Kc2 Bf5+ 34. Kd1 Bg4+ 35. Kc2 g5 36. fxg5 Bxg5 37. Rd4 c6 38. Nb4 Re6 39. Bxc6 a5 40. Bd7 Re2+ 41. Kb3 Bxd7 42. Rxd7 axb4 43. Rd5 Bc1 44. axb4 Rxb2+ 45. Ka4 Bd2 46. Rd3 Be1 0-1

[Event "SB-2012-0-00275"]
[Site "LSS email"]
[Date "2012.12.23"]
[Round "?"]
[White "Vasquez, Gerardo"]
[Black "Herzog, Klaus"]
[Result "1/2-1/2"]
[WhiteElo "1983"]
[BlackElo "1911"]
[PlyCount "37"]
[EventDate "2012.12.06"]
[EventType "tourn (corr)"]
[EventRounds "6"]
[EventCountry "GER"]
[SourceTitle "Corr 2015"]
[Source "ChessBase"]
[SourceDate "2015.07.17"]
[SourceVersion "1"]
[SourceVersionDate "2015.07.17"]
[SourceQuality "1"]

1. d4 Nf6 2. c4 g6 3. Nc3 Bg7 4. e4 0-0 5. Nf3 d6 6. Be2 e5 7. dxe5 dxe5 8. Bg5 Nbd7 9. Qc2 c6 10. 0-0 Qc7 11. Be3 Ng4 12. Bd2 Nc5 13. h3 Nf6 14. Be3 Ne6 15. Rfd1 Nh5 16. c5 Qe7 17. Rd3 f5 18. exf5 gxf5 19. Nxe5 1/2-1/2

[Event "SB-2012-0-00267"]
[Site "LSS email"]
[Date "2012.11.19"]
[Round "?"]
[White "Husemann, Andreas"]
[Black "Vasquez, Gerardo"]
[Result "1/2-1/2"]
[WhiteElo "1978"]
[BlackElo "2039"]
[PlyCount "61"]
[EventDate "2012.11.01"]
[EventType "tourn (corr)"]
[EventRounds "6"]
[EventCountry "GER"]
[SourceTitle "Corr 2022"]
[Source "ChessBase"]
[SourceDate "2021.10.24"]
[SourceVersion "1"]
[SourceVersionDate "2021.10.24"]
[SourceQuality "1"]

1. d4 Nf6 2. c4 e6 3. Nc3 Bb4 4. Qc2 c5 5. dxc5 Bxc5 6. Nf3 Nc6 7. Bg5 h6 8. Bh4 b6 9. e3 Bb7 10. Be2 g5 11. Bg3 Na5 12. 0-0 Rc8 13. Rad1 0-0 14. Ne5 Bb4 15. Nb5 a6 16. Nd4 Qe8 17. f4 Ne4 18. Qa4 Bd6 19. Be1 gxf4 20. exf4 f6 21. Ng4 f5 22. Ne5 Bxe5 23. fxe5 Qg6 24. Nf3 Nxc4 25. Nh4 Qg5 26. Bxc4 b5 27. Bxb5 axb5 28. Qxb5 Qe3+ 29. Kh1 Bc6 30. Qa6 Qc5 31. Qa3 1/2-1/2

[Event "SB-2012-0-00267"]
[Site "LSS email"]
[Date "2012.11.19"]
[Round "?"]
[White "Vasquez, Gerardo"]
[Black "Knoeppel, Bjoern"]
[Result "1/2-1/2"]
[WhiteElo "2039"]
[BlackElo "2014"]
[PlyCount "80"]
[EventDate "2012.11.01"]
[EventType "tourn (corr)"]
[EventRounds "6"]
[EventCountry "GER"]
[SourceTitle "Corr 2022"]
[Source "ChessBase"]
[SourceDate "2021.10.24"]
[SourceVersion "1"]
[SourceVersionDate "2021.10.24"]
[SourceQuality "1"]

1. e4 c5 2. Nf3 d6 3. Nc3 Nf6 4. d4 cxd4 5. Qxd4 Nc6 6. Bb5 Bd7 7. Bxc6 Bxc6 8. Bg5 e6 9. Bxf6 Qxf6 10. Qxf6 gxf6 11. Nd4 a6 12. Nxc6 bxc6 13. 0-0 Rb8 14. b3 d5 15. Rad1 Bb4 16. Rd3 Ke7 17. exd5 cxd5 18. Na4 f5 19. c3 Bd6 20. Rfd1 Rbd8 21. g3 h5 22. Re1 Kf6 23. Red1 Be7 24. Nb2 Kg6 25. c4 Bf6 26. R3d2 Bxb2 27. Rxb2 dxc4 28. Rxd8 Rxd8 29. bxc4 f4 30. Kg2 Rc8 31. Rb4 Kf5 32. Kf3 fxg3 33. hxg3 e5 34. Ra4 f6 35. Ke2 Rc5 36. Kd3 a5 37. f3 Rc8 38. Ke3 Ke6 39. Kf2 Rc7 40. Ke3 Rg7 1/2-1/2

[Event "SB-2012-0-00259"]
[Site "LSS email"]
[Date "2012.10.22"]
[Round "?"]
[White "Vasquez, Gerardo"]
[Black "Khan, Valery"]
[Result "1/2-1/2"]
[WhiteElo "1963"]
[BlackElo "2131"]
[PlyCount "96"]
[EventDate "2012.10.05"]
[EventType "tourn (corr)"]
[EventRounds "6"]
[EventCountry "GER"]
[SourceTitle "Telechess CBM 161"]
[Source "ChessBase"]
[SourceDate "2014.07.16"]
[SourceVersion "1"]
[SourceVersionDate "2014.07.16"]
[SourceQuality "1"]

1. e4 c6 2. d4 d5 3. Nc3 dxe4 4. Nxe4 Nd7 5. Nf3 Ngf6 6. Nc3 e6 7. Bd3 c5 8. 0-0 Be7 9. Qe2 cxd4 10. Nxd4 0-0 11. Rd1 a6 12. Bf4 Re8 13. Bg3 Qb6 14. Nb3 e5 15. a3 Nc5 16. Nxc5 Bxc5 17. Na4 Qc7 18. Nxc5 Qxc5 19. b4 Qc6 20. Bxe5 g6 21. h3 Nd7 22. f4 Nxe5 23. fxe5 Qc3 24. Re1 a5 25. b5 Be6 26. Qf3 Re7 27. a4 Rc8 28. Kh2 Rce8 29. Rad1 Ba2 30. Kh1 Kg7 31. b6 Rxe5 32. Rxe5 Rxe5 33. Qxb7 Re1+ 34. Rxe1 Qxe1+ 35. Kh2 Qe5+ 36. Kg1 Qe1+ 37. Bf1 Qe3+ 38. Kh1 Qf2 39. Qa6 Bd5 40. Qb5 Bb7 41. c3 Qe3 42. h4 Qh3+ 43. Kg1 Qxc3 44. Kh2 h5 45. Be2 Qe3 46. Qb2+ f6 47. Bf3 Qf4+ 48. Kg1 Bxf3 1/2-1/2

[Event "SB-2012-0-00256"]
[Site "LSS email"]
[Date "2012.10.12"]
[Round "?"]
[White "Vasquez, Gerardo"]
[Black "Schulz, Hans Juergen"]
[Result "1-0"]
[WhiteElo "1963"]
[BlackElo "1709"]
[PlyCount "103"]
[EventDate "2012.09.19"]
[EventType "tourn (corr)"]
[EventRounds "6"]
[EventCountry "GER"]
[SourceTitle "Telechess CBM 161"]
[Source "ChessBase"]
[SourceDate "2014.07.16"]
[SourceVersion "1"]
[SourceVersionDate "2014.07.16"]
[SourceQuality "1"]

1. e4 e5 2. Nf3 Nc6 3. Bb5 Nf6 4. 0-0 Nxe4 5. d4 Nd6 6. Bxc6 dxc6 7. dxe5 Nf5 8. Qxd8+ Kxd8 9. Nc3 Ke8 10. Rd1 Ne7 11. h3 Ng6 12. b3 f6 13. Re1 Kf7 14. Ne4 Be7 15. Bb2 Rd8 16. exf6 gxf6 17. Re3 Nf4 18. Rae1 Ng6 19. a3 Bf5 20. g4 Bxe4 21. Rxe4 Bd6 22. a4 Nf4 23. Bc1 Nd5 24. Bd2 Re8 25. Rxe8 Rxe8 26. Rxe8 Kxe8 27. Kg2 Kd7 28. c4 Ne7 29. Bc3 Ke6 30. Nd4+ Kf7 31. Ne2 Ba3 32. Bd2 b6 33. Kf3 Bd6 34. Ke4 Ba3 35. b4 Nc8 36. Kd3 Nd6 37. Bc3 Nb7 38. f3 Nd8 39. Kc2 c5 40. b5 Bb4 41. Bxb4 cxb4 42. Nd4 Ne6 43. Nc6 Ng5 44. Nxa7 Nxf3 45. Nc6 Ke6 46. Nxb4 Kd6 47. Kd3 Ng1 48. h4 Nf3 49. Ke4 Nxh4 50. Nd5 Ng6 51. Nxf6 h6 52. Kd4 1-0

[Event "SB-2012-0-00256"]
[Site "LSS email"]
[Date "2012.10.12"]
[Round "?"]
[White "Vodicka, Milan"]
[Black "Vasquez, Gerardo"]
[Result "1/2-1/2"]
[WhiteElo "1935"]
[BlackElo "1963"]
[PlyCount "67"]
[EventDate "2012.09.19"]
[EventType "tourn (corr)"]
[EventRounds "6"]
[EventCountry "GER"]
[SourceTitle "Telechess CBM 161"]
[Source "ChessBase"]
[SourceDate "2014.07.16"]
[SourceVersion "1"]
[SourceVersionDate "2014.07.16"]
[SourceQuality "1"]

1. d4 Nc6 2. Nf3 d5 3. c4 e6 4. e3 Nf6 5. Nc3 g6 6. Bd3 Bg7 7. 0-0 0-0 8. a3 a6 9. h3 Qd6 10. Bd2 b6 11. Rc1 Bb7 12. Qc2 Rad8 13. Rfd1 Rfe8 14. b4 Rc8 15. Re1 Red8 16. Be2 Qe7 17. cxd5 exd5 18. Bd3 Qd6 19. Red1 b5 20. Rb1 Nb8 21. a4 c6 22. a5 Nbd7 23. Bc1 Re8 24. Rb3 Qe7 25. Nd2 Red8 26. Re1 Nf8 27. Nf3 Ne6 28. Ne2 Ne4 29. Bb2 Nd6 30. Nf4 Re8 31. Be2 Nxf4 32. exf4 Qf6 33. Bc1 Nf5 34. Be3 1/2-1/2